[Event "GER T199-C54-S email"]
[Site "GER email"]
[Date "2014.09.22"]
[Round "?"]
[White "Schanzenbaecher, Mario"]
[Black "Thomae, Eberhard"]
[Result "1-0"]
[WhiteElo "1918"]
[BlackElo "1849"]
[PlyCount "45"]
[EventDate "2014.09.29"]
[EventType "tourn (corr)"]
[EventRounds "8"]
[EventCountry "GER"]
[SourceTitle "Corr 2020"]
[Source "ChessBase"]
[SourceDate "2019.09.30"]
[SourceVersion "1"]
[SourceVersionDate "2019.09.30"]
[SourceQuality "1"]

1. e4 e5 2. Nf3 Nc6 3. Bc4 Bc5 4. c3 Nf6 5. d4 exd4 6. cxd4 Bb4+ 7. Kf1 d5 8. exd5 Nxd5 9. Nc3 Nxc3 10. bxc3 Bxc3 11. Qb3 Bxa1 12. Bxf7+ Kf8 13. Ba3+ Ne7 14. Ke2 a5 15. Bc4 Bg4 16. Rxa1 Qxd4 17. Rd1 Qf4 18. Kf1 Bxf3 19. gxf3 b6 20. Qd3 Re8 21. Re1 c5 22. Re4 Qc7 23. Qe3 1-0

[Event "GER T193-D10-S email"]
[Site "GER email"]
[Date "2014.08.18"]
[Round "?"]
[White "Hoexter, Heinrich"]
[Black "Schanzenbaecher, Mario"]
[Result "1/2-1/2"]
[WhiteElo "2061"]
[BlackElo "1918"]
[PlyCount "82"]
[EventDate "2014.08.29"]
[EventType "tourn (corr)"]
[EventRounds "8"]
[EventCountry "GER"]
[SourceTitle "Corr 2020"]
[Source "ChessBase"]
[SourceDate "2019.09.30"]
[SourceVersion "1"]
[SourceVersionDate "2019.09.30"]
[SourceQuality "1"]

1. d4 d5 2. c4 c6 3. cxd5 cxd5 4. Nc3 Nf6 5. Bf4 Nc6 6. e3 Bf5 7. Bb5 e6 8. Qa4 Qb6 9. Nf3 Be7 10. 0-0 0-0 11. Nh4 Be4 12. f3 Bg6 13. Nxg6 hxg6 14. Bxc6 bxc6 15. Qc2 Nd7 16. Na4 Qb5 17. Rac1 Rfc8 18. Nc3 Qb7 19. Qe2 c5 20. Rfd1 Nb6 21. Nb5 a6 22. dxc5 axb5 23. Qxb5 Rxc5 24. Rxc5 Bxc5 25. Qxc5 Na4 26. Qd4 Qxb2 27. Be5 Qe2 28. Qd2 Qxd2 29. Rxd2 f6 30. Bd6 Nb6 31. Rb2 Ra6 32. Bb4 Nc4 33. Re2 Ra4 34. Bc5 Ne5 35. Bd6 Nf7 36. Be7 Rc4 37. Kf2 g5 38. Rd2 Ne5 39. Bd6 Kf7 40. Bxe5 fxe5 41. Re2 e4 1/2-1/2

[Event "GER T193-D10-S email"]
[Site "GER email"]
[Date "2014.08.18"]
[Round "?"]
[White "Offenborn, Heinz"]
[Black "Schanzenbaecher, Mario"]
[Result "1/2-1/2"]
[WhiteElo "2122"]
[BlackElo "1918"]
[PlyCount "83"]
[EventDate "2014.08.29"]
[EventType "tourn (corr)"]
[EventRounds "8"]
[EventCountry "GER"]
[SourceTitle "Corr 2020"]
[Source "ChessBase"]
[SourceDate "2019.09.30"]
[SourceVersion "1"]
[SourceVersionDate "2019.09.30"]
[SourceQuality "1"]

1. d4 d5 2. c4 c6 3. cxd5 cxd5 4. Nc3 Nf6 5. Bf4 Nc6 6. e3 Bf5 7. Qb3 Na5 8. Bb5+ Bd7 9. Qa4 e6 10. Nf3 a6 11. Bxd7+ Nxd7 12. 0-0 Rc8 13. e4 Nc6 14. Bg5 f6 15. Bd2 Nb6 16. Qb3 Na5 17. Qd1 Nac4 18. Re1 Qd7 19. Qb3 Be7 20. Re2 0-0 21. exd5 exd5 22. Rae1 Rf7 23. Bf4 Bf8 24. h3 Rc6 25. Qc2 Nc8 26. Na4 b6 27. Nc3 b5 28. Qd3 Re7 29. b3 Na3 30. Rxe7 Bxe7 31. Bd2 Bb4 32. Rd1 Bf8 33. Nh4 g6 34. Re1 Ne7 35. g4 Rc8 36. Bc1 Nc6 37. Nxg6 Nb4 38. Qd2 Nb1 39. Ne7+ Bxe7 40. Nxb1 Rc2 41. Qd1 Rxa2 42. Nc3 1/2-1/2

[Event "GER MS-177 email"]
[Site "GER email"]
[Date "2013.04.01"]
[Round "?"]
[White "Schanzenbaecher, Mario"]
[Black "Goy, Udo"]
[Result "1-0"]
[WhiteElo "1868"]
[BlackElo "1942"]
[PlyCount "47"]
[EventDate "2013.04.08"]
[EventType "tourn (corr)"]
[EventRounds "6"]
[EventCountry "GER"]
[SourceTitle "Corr 2015"]
[Source "ChessBase"]
[SourceDate "2015.07.17"]
[SourceVersion "1"]
[SourceVersionDate "2015.07.17"]
[SourceQuality "1"]

1. c4 d6 2. d4 e5 3. dxe5 dxe5 4. Qxd8+ Kxd8 5. Nf3 f6 6. e4 Na6 7. Nc3 c6 8. a3 Bg4 9. b4 g6 10. Be2 Nc7 11. 0-0 Ne6 12. Rd1+ Ke7 13. b5 Bxf3 14. Bxf3 Nd4 15. bxc6 bxc6 16. Be3 Rd8 17. Ne2 c5 18. Rdb1 Ke6 19. Rb7 Bd6 20. Nc3 Ne7 21. Bg4+ f5 22. exf5+ gxf5 23. Bh5 Nec6 24. Bf7+ 1-0

[Event "GER T166-C40-S email"]
[Site "GER email"]
[Date "2013.01.10"]
[Round "?"]
[White "Michalek, Martin"]
[Black "Schanzenbaecher, Mario"]
[Result "0-1"]
[WhiteElo "1973"]
[BlackElo "1868"]
[PlyCount "96"]
[EventDate "2013.01.28"]
[EventType "tourn (corr)"]
[EventRounds "8"]
[EventCountry "GER"]
[SourceTitle "Corr 2015"]
[Source "ChessBase"]
[SourceDate "2015.07.17"]
[SourceVersion "1"]
[SourceVersionDate "2015.07.17"]
[SourceQuality "1"]

1. e4 e5 2. Nf3 f5 3. Nxe5 Qf6 4. Nc4 fxe4 5. Nc3 Qg6 6. d3 Bb4 7. Bd2 Bxc3 8. Bxc3 Nf6 9. h4 0-0 10. h5 Qf7 11. Qd2 d6 12. 0-0-0 h6 13. f3 exf3 14. gxf3 Nd5 15. Kb1 Be6 16. b3 Nxc3+ 17. Qxc3 Nd7 18. Bh3 Rae8 19. Nd2 Bxh3 20. Rxh3 Nf6 21. Qd4 d5 22. f4 Nxh5 23. Rg1 Nxf4 24. Rxh6 Qe7 25. Rh2 c5 26. Qc3 Qe5 27. Qxe5 Rxe5 28. Kb2 Rff5 29. a3 Re2 30. Rxe2 Nxe2 31. Rg2 Nf4 32. Rg1 Ne6 33. Nf1 Rf2 34. Ne3 Nf4 35. Kb1 d4 36. Nf5 Ne2 37. Rg5 b6 38. Nxg7 Nc3+ 39. Kb2 Rf1 40. a4 Rb1+ 41. Ka3 Kf7 42. Nh5 Nd1 43. Ka2 Rb2+ 44. Ka3 Rxc2 45. Rg7+ Ke6 46. Rxa7 Nc3 47. b4 Nd5 48. bxc5 Rc3+ 0-1

[Event "GER T166-C40-S email"]
[Site "GER email"]
[Date "2013.01.10"]
[Round "?"]
[White "Siebarth, Marco"]
[Black "Schanzenbaecher, Mario"]
[Result "1/2-1/2"]
[WhiteElo "1845"]
[BlackElo "1868"]
[PlyCount "25"]
[EventDate "2013.01.28"]
[EventType "tourn (corr)"]
[EventRounds "8"]
[EventCountry "GER"]
[SourceTitle "Corr 2015"]
[Source "ChessBase"]
[SourceDate "2015.07.17"]
[SourceVersion "1"]
[SourceVersionDate "2015.07.17"]
[SourceQuality "1"]

1. e4 e5 2. Nf3 f5 3. Bc4 fxe4 4. Nxe5 Qg5 5. d4 Qxg2 6. Qh5+ g6 7. Bf7+ Kd8 8. Bxg6 Qxh1+ 9. Ke2 Qxc1 10. Nf7+ Ke8 11. Nd6+ Kd8 12. Nf7+ Ke8 13. Nd6+ 1/2-1/2

[Event "GER HS-119 email"]
[Site "GER email"]
[Date "2012.02.21"]
[Round "?"]
[White "Claus, Andreas"]
[Black "Schanzenbaecher, Mario"]
[Result "1/2-1/2"]
[WhiteElo "1912"]
[BlackElo "1831"]
[PlyCount "146"]
[EventDate "2012.02.27"]
[EventType "tourn (corr)"]
[EventRounds "6"]
[EventCountry "GER"]
[SourceTitle "Corr 2015"]
[Source "ChessBase"]
[SourceDate "2015.07.17"]
[SourceVersion "1"]
[SourceVersionDate "2015.07.17"]
[SourceQuality "1"]

1. d4 f5 2. Nc3 Nf6 3. Bg5 d5 4. f3 Nc6 5. Qd2 e6 6. 0-0-0 h6 7. Bh4 Bd7 8. e3 Qe7 9. Nge2 g5 10. Bf2 0-0-0 11. Kb1 Qg7 12. Nc1 a6 13. Nb3 Kb8 14. Na4 h5 15. Nbc5 h4 16. Qd3 Bc8 17. Qc3 Rd6 18. Qb3 Na5 19. Qb4 Nc6 20. Qa3 e5 21. Qb3 Ka8 22. Be2 g4 23. Rhe1 g3 24. hxg3 hxg3 25. Bg1 e4 26. Nc3 Qh6 27. Rd2 Qh1 28. Red1 Nd8 29. fxe4 fxe4 30. N3a4 Be7 31. Qb4 Ne6 32. c4 Rdd8 33. cxd5 Nxd5 34. Qb3 Nxc5 35. Nxc5 Rh6 36. a3 Rc6 37. Qc2 Ka7 38. Ka1 Bf5 39. Rf1 Bxc5 40. dxc5 Qxg2 41. Rfd1 Qh1 42. Bf2 Qh3 43. Bg1 Be6 44. Bf1 Qh7 45. Bg2 Bg4 46. Rxd5 Bxd1 47. Qxd1 Rxd5 48. Qxd5 Qe7 49. Qxe4 Qxe4 50. Bxe4 Rxc5 51. Kb1 g2 52. Bxg2 Rg5 53. Bh2 Rxg2 54. Bxc7 Re2 55. Bf4 a5 56. a4 Ka6 57. Ka2 b5 58. axb5+ Kxb5 59. Kb3 a4+ 60. Kc3 Re1 61. Bg5 Rc1+ 62. Kd2 Rg1 63. Bf6 Kc4 64. e4 Rf1 65. Bg7 Rf7 66. Bh8 Rh7 67. Bf6 Rd7+ 68. Ke3 Rd3+ 69. Ke2 Rd6 70. Bh8 Kb3 71. Ke3 Rd1 72. Bf6 Re1+ 73. Kd4 Rd1+ 1/2-1/2

[Event "GER HS-119 email"]
[Site "GER email"]
[Date "2012.02.21"]
[Round "?"]
[White "Schanzenbaecher, Mario"]
[Black "Liewer, Markus"]
[Result "1/2-1/2"]
[WhiteElo "1831"]
[BlackElo "1917"]
[PlyCount "98"]
[EventDate "2012.02.27"]
[EventType "tourn (corr)"]
[EventRounds "6"]
[EventCountry "GER"]
[SourceTitle "Corr 2015"]
[Source "ChessBase"]
[SourceDate "2015.07.17"]
[SourceVersion "1"]
[SourceVersionDate "2015.07.17"]
[SourceQuality "1"]

1. f4 d5 2. Nf3 Nf6 3. e3 g6 4. c4 Bg7 5. d4 0-0 6. cxd5 Nxd5 7. e4 Nb6 8. Nc3 Bg4 9. Be3 Nc6 10. d5 Na5 11. h3 Nbc4 12. Bc1 Bxf3 13. Qxf3 e6 14. e5 exd5 15. Nxd5 Nb6 16. Nxb6 axb6 17. Bd2 Qe7 18. 0-0-0 Rfd8 19. Kb1 Qe6 20. Bc1 Nc6 21. a3 Rxd1 22. Qxd1 Rd8 23. Qc2 Nd4 24. Qc4 Qd7 25. Bd3 b5 26. Qc3 c5 27. Rd1 Qc6 28. g4 f6 29. e6 Nxe6 30. f5 gxf5 31. gxf5 Nd4 32. Be3 Bf8 33. a4 Kh8 34. Rg1 b6 35. axb5 Qd5 36. Rf1 Qe5 37. Bc4 Qe4+ 38. Qd3 Qxd3+ 39. Bxd3 h5 40. Bc4 Bd6 41. b4 Ra8 42. bxc5 Bxc5 43. Bxd4 Bxd4 44. Rf4 Ra1+ 45. Kc2 Rc1+ 46. Kxc1 Be3+ 47. Kc2 Bxf4 48. Be2 h4 49. Bf3 Kg7 1/2-1/2

[Event "GER HS-119 email"]
[Site "GER email"]
[Date "2012.02.21"]
[Round "?"]
[White "Schatz, Dieter"]
[Black "Schanzenbaecher, Mario"]
[Result "0-1"]
[WhiteElo "1799"]
[BlackElo "1831"]
[PlyCount "106"]
[EventDate "2012.02.27"]
[EventType "tourn (corr)"]
[EventRounds "6"]
[EventCountry "GER"]
[SourceTitle "Corr 2015"]
[Source "ChessBase"]
[SourceDate "2015.07.17"]
[SourceVersion "1"]
[SourceVersionDate "2015.07.17"]
[SourceQuality "1"]

1. e4 g6 2. Nc3 d6 3. g3 c5 4. Bg2 Nc6 5. Nge2 Bg7 6. d3 Nf6 7. h3 0-0 8. 0-0 Rb8 9. Be3 b5 10. Qd2 b4 11. Nd1 Qa5 12. f4 Nd7 13. f5 Ba6 14. Bh6 Bxh6 15. Qxh6 c4 16. Nf4 Qe5 17. Ne3 cxd3 18. cxd3 Qg7 19. Qxg7+ Kxg7 20. Rf2 Rfc8 21. h4 Nc5 22. Rd1 b3 23. a3 Nd4 24. Bf1 Na4 25. g4 Nc2 26. Ned5 Nxb2 27. Rb1 Na4 28. Nxe7 Nxa3 29. Ra1 Rc2 30. Rxa3 Rxf2 31. f6+ Kf8 32. Kxf2 Nc3 33. Ned5 Nd1+ 34. Kf3 b2 35. Rxa6 b1Q 36. Be2 Nb2 37. Ne3 Qe1 38. Neg2 Qc3 39. Rxa7 Qxf6 40. g5 Qd4 41. Rc7 Na4 42. Rc4 Qa1 43. Kg3 Nc5 44. Rc2 Kg7 45. Ne3 Qe1+ 46. Kg4 h5+ 47. gxh6+ Kxh6 48. Nfg2 Qg1 49. Kg3 Rb3 50. Ng4+ Kg7 51. Nf2 Qb1 52. Rd2 Qa1 53. Nf4 Qe1 0-1

[Event "GER T140-B03-S email"]
[Site "GER email"]
[Date "2011.12.25"]
[Round "?"]
[White "Krebs, Juergen"]
[Black "Schanzenbaecher, Mario"]
[Result "1-0"]
[WhiteElo "2035"]
[BlackElo "1831"]
[PlyCount "57"]
[EventDate "2011.12.30"]
[EventType "tourn (corr)"]
[EventRounds "8"]
[EventCountry "GER"]
[SourceTitle "Corr 2015"]
[Source "ChessBase"]
[SourceDate "2015.07.17"]
[SourceVersion "1"]
[SourceVersionDate "2015.07.17"]
[SourceQuality "1"]
[WhiteTeam "Germany"]
[BlackTeam "Latvia"]
[WhiteTeamCountry "GER"]
[BlackTeamCountry "LAT"]

1. e4 Nf6 2. e5 Nd5 3. d4 d6 4. c4 Nb6 5. f4 g5 6. exd6 cxd6 7. fxg5 Bg7 8. Be3 Be6 9. Nd2 d5 10. c5 N6d7 11. Bd3 Nc6 12. Ngf3 Nb4 13. Bb1 Nc6 14. 0-0 Qc7 15. Bd3 0-0-0 16. Qa4 h6 17. g6 fxg6 18. b4 a6 19. Rab1 Bf5 20. Bxf5 gxf5 21. b5 Qa5 22. Qxa5 Nxa5 23. c6 Nb8 24. Nb3 Nxb3 25. Rxb3 bxc6 26. bxc6 Nxc6 27. Rc1 Rd6 28. Bf4 Re6 29. Be5 1-0

[Event "GER T136-E10-S email"]
[Site "GER email"]
[Date "2011.11.28"]
[Round "?"]
[White "Hebel, Erich"]
[Black "Schanzenbaecher, Mario"]
[Result "1/2-1/2"]
[WhiteElo "1910"]
[BlackElo "1831"]
[PlyCount "74"]
[EventDate "2011.12.06"]
[EventType "tourn (corr)"]
[EventRounds "8"]
[EventCountry "GER"]
[SourceTitle "Corr 2015"]
[Source "ChessBase"]
[SourceDate "2015.07.17"]
[SourceVersion "1"]
[SourceVersionDate "2015.07.17"]
[SourceQuality "1"]
[WhiteTeam "Germany"]
[BlackTeam "Latvia"]
[WhiteTeamCountry "GER"]
[BlackTeamCountry "LAT"]

1. d4 Nf6 2. c4 e6 3. Nf3 c5 4. d5 b5 5. dxe6 fxe6 6. cxb5 a6 7. e3 Be7 8. Nc3 0-0 9. Be2 axb5 10. Bxb5 Bb7 11. 0-0 d5 12. b3 Qa5 13. Bb2 Ne4 14. Qd3 Bf6 15. Rfc1 Na6 16. a4 Nc7 17. Rab1 Rf7 18. Ne2 Nxb5 19. axb5 Qb6 20. Bxf6 Rxf6 21. Ng3 Rc8 22. Ra1 Rff8 23. Qe2 Nd6 24. Ng5 Rf6 25. Nh5 Rg6 26. Nf3 c4 27. Nf4 Rf6 28. bxc4 dxc4 29. Qd2 Qc5 30. Ra5 Nf7 31. Qd7 Qb6 32. Ra4 Rd8 33. Qe7 e5 34. Nh5 Re6 35. Qb4 Bxf3 36. Ra6 Bxh5 37. Qxc4 g5 1/2-1/2

[Event "GER T125-A01-S email"]
[Site "GER email"]
[Date "2011.06.09"]
[Round "?"]
[White "Keber, Ernst"]
[Black "Schanzenbaecher, Mario"]
[Result "1/2-1/2"]
[WhiteElo "1847"]
[BlackElo "1801"]
[PlyCount "68"]
[EventDate "2011.06.15"]
[EventType "tourn (corr)"]
[EventRounds "8"]
[EventCountry "GER"]
[SourceTitle "Corr 2015"]
[Source "ChessBase"]
[SourceDate "2015.07.17"]
[SourceVersion "1"]
[SourceVersionDate "2015.07.17"]
[SourceQuality "1"]
[WhiteTeam "Germany"]
[BlackTeam "Germany"]
[WhiteTeamCountry "GER"]
[BlackTeamCountry "GER"]

1. b3 g6 2. Bb2 Nf6 3. Bxf6 exf6 4. c4 Bg7 5. e3 d5 6. cxd5 Qxd5 7. Nc3 Qa5 8. a3 0-0 9. h4 c5 10. h5 f5 11. hxg6 hxg6 12. Qc2 Re8 13. Nh3 Nc6 14. Qb2 b5 15. b4 cxb4 16. axb4 Qxb4 17. Qxb4 Nxb4 18. Ra5 a6 19. Bxb5 Nc2+ 20. Kd1 Bxc3 21. dxc3 Nxe3+ 22. Ke2 Nc4+ 23. Bxe8 Nxa5 24. Ba4 Bb7 25. f3 Rc8 26. Rc1 Kg7 27. Kf2 Nc4 28. Rb1 Bc6 29. Ra1 Bxa4 30. Rxa4 a5 31. Nf4 g5 32. Ne2 Rc5 33. Ra1 f4 34. Nd4 Kf6 1/2-1/2

[Event "GER T126-B07-S email"]
[Site "GER email"]
[Date "2011.06.09"]
[Round "?"]
[White "Offenborn, Heinz"]
[Black "Schanzenbaecher, Mario"]
[Result "1-0"]
[WhiteElo "2108"]
[BlackElo "1831"]
[PlyCount "43"]
[EventDate "2011.06.15"]
[EventType "tourn (corr)"]
[EventRounds "8"]
[EventCountry "GER"]
[SourceTitle "Corr 2015"]
[Source "ChessBase"]
[SourceDate "2015.07.17"]
[SourceVersion "1"]
[SourceVersionDate "2015.07.17"]
[SourceQuality "1"]
[WhiteTeam "Germany"]
[BlackTeam "Latvia"]
[WhiteTeamCountry "GER"]
[BlackTeamCountry "LAT"]

1. e4 d6 2. d4 Nf6 3. Nc3 g6 4. Be3 Bg7 5. Qd2 0-0 6. f3 e5 7. Nge2 Nc6 8. d5 Ne7 9. 0-0-0 h5 10. Kb1 a6 11. h3 b5 12. Nc1 b4 13. N3e2 a5 14. g4 Bb7 15. Bg5 Rc8 16. Bxf6 Bxf6 17. gxh5 Kg7 18. f4 c6 19. fxe5 Bxe5 20. hxg6 fxg6 21. Nd4 cxd5 22. Ne6+ 1-0

[Event "GER T125-A01-S email"]
[Site "GER email"]
[Date "2011.06.09"]
[Round "?"]
[White "Schanzenbaecher, Mario"]
[Black "Loeffler, Werner"]
[Result "0-1"]
[WhiteElo "1801"]
[BlackElo "2135"]
[PlyCount "52"]
[EventDate "2011.06.15"]
[EventType "tourn (corr)"]
[EventRounds "8"]
[EventCountry "GER"]
[SourceTitle "Corr 2015"]
[Source "ChessBase"]
[SourceDate "2015.07.17"]
[SourceVersion "1"]
[SourceVersionDate "2015.07.17"]
[SourceQuality "1"]
[WhiteTeam "Germany"]
[BlackTeam "Germany"]
[WhiteTeamCountry "GER"]
[BlackTeamCountry "GER"]

1. b3 d5 2. Nf3 Bg4 3. e3 Nf6 4. Bb2 Nbd7 5. h3 Bh5 6. d3 e6 7. Nbd2 Bd6 8. g4 Bg6 9. g5 Nh5 10. Rg1 c5 11. Be2 h6 12. Nh4 hxg5 13. Nxg6 fxg6 14. Nf3 Be7 15. Qd2 a5 16. a4 0-0 17. 0-0-0 b5 18. axb5 a4 19. Kb1 axb3 20. cxb3 Qb6 21. Nxg5 Rxf2 22. Qe1 Rf5 23. h4 Bf6 24. d4 cxd4 25. exd4 e5 26. Qb4 Rf2 0-1